ბათუმის შოთა რუსთაველის სახელმწიფო უნივერსიტეტის ბიბლიოთეკა

არხეიონი = Archeion II : (ბიბ.ჩანაწერი № 36385)

000 -ლიდერი
ფიქსირებული სიგრძის საკონტროლო ველი 01228nam a2200217Ia 4500
001 - საკონტროლო ნომერი
საკონტროლო ველი 2299
003 - საკონტროლო ნომრის იდენტიფიკატორი
საკონტროლო ველი GE_BSU
005 - ბოლო ოპერაციის თარიღი და დრო
საკონტროლო ველი 20190530153955.0
008 - ფიქსირებული სიგრძის მონაცემთა ელემენტები - ზოგადი ინფორმაცია
ფიქსირებული სიგრძის საკონტროლო ველი 181216s2011||||ge |||||||||||||| ||geo||
040 ## - კატალოგიზაციის წყარო
Transcribing agency GE_BSU
041 ## - ენის კოდი
Language code of text/sound track or separate title geo
080 ## - უნივერსალური ათობითი კლასიფიკაციის ინდექსი
Universal Decimal Classification number 930.25(479.223)(051) ა–86
245 ## - ცნობა სათაურის შესახებ
Title არხეიონი = Archeion II :
Remainder of title აჭარის ავტონომიური რესპუბლიკის მთავრობის საქვეუწყებო დაწესებულება–საარქივო სამმართველო /
Statement of responsibility, etc რედაქტორი თამაზ ფუტკარაძე.
264 ## - წარმოების, გამოცემის, დისტრიბუციის და სხვა ცნობები
გამოცემის, წარმოების, დისტრიბუციის... ადგილი ბათუმი :
გამოცემის, წარმოების, დისტრიბუციის... სახელწოდება უნივერსალი,
გამოცემის, წარმოების, დისტრიბუციის... თარიღი 2011
300 ## - ფიზიკური აღწერა
Extent 141 გვ.;
Other physical details 26 სმ.
653 ## - INDEX TERM--UNCONTROLLED
Uncontrolled term არხეიონი
653 ## - INDEX TERM--UNCONTROLLED
Uncontrolled term ისტორია
700 ## - ADDED ENTRY--PERSONAL NAME
Personal name ფუტკარაძე, თამაზ
Relator term რედაქტორი
9 (RLIN) 56
710 ## - ADDED ENTRY--CORPORATE NAME
Corporate name or jurisdiction name as entry element აჭარის ავტონომიური რესპუბლიკის მთავრობის საქვეუწყებო დაწესებულება-საარქივო სამმართველო
9 (RLIN) 57
942 ## - ADDED ENTRY ELEMENTS (KOHA)
Koha item type წიგნი
Source of classification or shelving scheme
ეგზემპლარები
ჩამოწერის სტატუსი დაკარგული ეგზემპლარის სტატუსი კლასიფიკაციის წყარო ან თაროზე გაწყობის სქემა დაზიანების სტატუსი არ გაიცემა მუდმივი მდებარეობა (დაცვის ადგილი) ამჟამინდელი ადგილსამყოფელი თაროზე განთავსების ადგილი შეძენის თარიღი ღირებულება, შესყიდვის ნორმალური ფასი სრული შენახვის შიფრი შტრიხკოდი ბოლო ოპერაციის თარიღი ეგზემპლარის მიმდევრობითი ნომერი (კეტერი?) ფასის ძალაში შესვლის თარიღი ეგზემპლარის სახეობა საჯარო შენიშვნა
          ბათუმის შოთა რუსთაველის სახელმწიფო უნივერსიტეტის მთავარი ბიბლიოთეკა ბათუმის შოთა რუსთაველის სახელმწიფო უნივერსიტეტის მთავარი ბიბლიოთეკა წიგნსაცავი 2018-12-17 7.00 930.25(479.223)(051) ა–86 4458 2018-12-17 4458 2018-12-17 წიგნი 7 ლ.
          ბათუმის შოთა რუსთაველის სახელმწიფო უნივერსიტეტის მთავარი ბიბლიოთეკა ბათუმის შოთა რუსთაველის სახელმწიფო უნივერსიტეტის მთავარი ბიბლიოთეკა წიგნსაცავი 2018-12-17 7.00 930.25(479.223)(051) ა–86 4459 2018-12-17 4459 2018-12-17 წიგნი 7 ლ.